004010000a220010900045001000022000002450079000223000053001017730022001549420008001769520090001849990017002741 aEdwards, James R.10aMarkan sandwiches. The significance of interpolations in Markan narratives aVol. 31, Num. 3 (Julio, 1989), Páginas 193-2160 tNovum Testamentum cANA 001040708HEMaFUSBCbFUSBCd2016-01-26l0o r2016-01-26 00:00:00w2016-01-26yANA c56775d56775